| 000 | 01700nam a2200385 a 4500 | ||
|---|---|---|---|
| 999 |
_c149249 _d149249 |
||
| 003 | BLK | ||
| 005 | 20240913133315.0 | ||
| 008 | 180410b bul|||||r ||||||| ||bul|| | ||
| 010 | _aKNG00155503000 | ||
| 040 | _aBLK | ||
| 041 |
_aBUL _cBUL |
||
| 080 |
_aЗабавна физика, трикове, фокуси, илюзионизъм, хоби (общи въпроси). Се класифица със съотношение към съответния отдел. Вж и 792.734 _b793.8 _z793.8 |
||
| 100 |
_aЕймъри, Хедър _9264569 |
||
| 139 |
_aЕймъри, Хедър _bЕ 39 |
||
| 245 | 1 | 0 |
_aЗабавни опити у дома _bНаучнопопул. четиво за деца _cХедър Еймъри; прев. от англ. Илия Иванов. |
| 257 | _aUSA | ||
| 260 |
_bТехника _c1988 _fСофия : ДП Балкан _aСофия |
||
| 300 |
_a32 с. _bс цв. ил. _c28 см |
||
| 380 | _aDN | ||
| 490 |
_aМлад техник _9204664 |
||
| 500 | _aОриг. загл. The know how book of experiments / Heather Amery. - Офс. изд. - Без тир. | ||
| 650 | 4 |
_aФизика, забавна _9262841 |
|
| 650 | 4 |
_aХимия, забавна _9271921 |
|
| 653 | _aзабавна физика | ||
| 653 | _aзабавна химия | ||
| 653 | _aдетска литература | ||
| 700 | 1 |
_aИванов, Илия _eпрев. от англ. _9368304 |
|
| 852 | _aЦб ІІ 19754 | ||
| 856 | 4 | _qpdf | |
| 856 | 4 | _qpdf | |
| 942 |
_cKNG _n0 _04 _s1 |
||
| 944 |
_aCR _c09.01.2014 _lНора Радева _k30545 |
||
| 944 |
_aED _c26.10.2015 _l09.01.2014 - от С1,Р / 09.01.2014 _kЕлица_Владова |
||
| 999 | _d149249 | ||